000 00822cab a2200253 4500
001 ABS50926
008 090401t1994 xxu||||| |||| 00| 0 eng d
035 _a(Sirsi) u1944
041 _aeng
100 _aElson, M.
245 2 _aA move towards sustainable development?
260 _c1994
350 _a0
490 _aTown & Country Planning
_v63(5) May 1994, 154-158(5)
520 _aAnalyses proposals in the draft revised PPG2 and suggests that they represent an opportunity seized rather than missed on Green Belt policy.
650 _aGREEN BELT
650 _aPLANNING POLICY
650 _aPLANNING POLICY GUIDANCE NOTE 2 (GREEN BELTS)
650 _aSUSTAINABLE DEVELOPMENT
690 _aENVIRONMENTAL AND LAND CONSULTANCY
690 _aPLANNING LAW AND PRACTICE
942 _n0
948 _c04/03/1997
999 _c1146
_d1146